| 000 | 00495pab a2200181 454500 | ||
|---|---|---|---|
| 008 | 180718b2014 xxu||||| |||| 00| 0 eng d | ||
| 100 | _aChattopadhyay, Pratip | ||
| 245 | _aTowards Lok Sabha elections 2014: Politics, parties in West bengal | ||
| 260 | _c2014 | ||
| 300 | _ap.17-22. | ||
| 362 | _a3 May | ||
| 650 | _aPolitics parties - India - West bengal | ||
| 650 | _aElections - India - West bengal | ||
| 650 | _aElections | ||
| 773 | _aMainstream | ||
| 908 | _aN | ||
| 909 | _a105454 | ||
| 999 |
_c105449 _d105449 |
||